Logo BPK

Biblioteka

Politechniki Koszalińskiej

Razrusenie : (Rekord nr 47153)

Szczegóły MARC
000 -ETYKIETA REKORDU
podpole kontrolne o stałej długości 00590nam a2200169 i 4500
001 - NUMER KONTROLNY REKORDU
pole kontrolne bg
040 ## - ŹRÓDŁO KATALOGOWANIA
Instytucja, która utworzyła rekord BPK
041 ## - KOD JĘZYKA
Kod języka tekstu pol
080 ## - UNIWERSALNA KLASYFIKACJA DZIESIĘTNA - UKD
UKD 539.3/.6
008 - POLE O STAŁEJ DŁUGOŚCI - DANE KONTROLNE
podpole kontrolne o stałej długości s pl f |000 0 pol
245 00 - TYTUŁ/ODPOWIEDZIALNOŚĆ
Tytuł Razrusenie :
Ciąg dalszy tytułu (stekla, gornye porody, kompozity, keramiki, led).
Oznaczenie części/sekcji dzieła T.7,
Tytuł części/sekcji dzieła Razrusenie nemetallov i kompozitnych materialov.
Oznaczenie części/sekcji dzieła C.1,
Tytuł części/sekcji dzieła Neorganiceskie materialy.
Pozostałe elementy strefy tytułu i oznaczenia odpowiedzialności red. G. Libovic.
246 ## - WARIANT TYTUŁU
Treść wyrażenia wprowadzającego Tyt. oryg.:
Tytuł Fracture: an advanced treatise
260 ## - STREFA ADRESU WYDAWNICZEGO
Miejsce wydania Moskwa :
Nazwa wydawcy/dystrybutora Mir,
Data publikacji, dystrybucji/powstania dokumentu 1976.
500 ## - UWAGI OGÓLNE
Tekst uwagi Tyt. oryg: "Fracture: an advanced treatise", 1972.
700 1# - HASŁO DODATKOWE - NAZWA OSOBOWA
Nazwa osobowa Liebowitz, H.
856 ## - LOKALIZACJA I DOSTĘP DO ELEKTRONICZNYCH DOKUMENTÓW ZDALNYCH
Link (URL) http://koha.tu.koszalin.pl/cgi-bin/koha/opac-detail.pl?biblionumber=47153
Tekst linku Katalog online BPK
942 ## - DODATKOWE ELEMENTY (KOHA)
Typ dokumentu Książka
Egzemplarze
Wycofany Status egzemplarza Uszkodzony Dostępność Lokalizacja stała Lokalizacja bieżąca Numer ubytku Sygnatura Kod kreskowy Typ dokumentu Miejsce przechowywania
  Egz. niedostępny   Niedostępny Biblioteka Politechniki Koszalińskiej Biblioteka Politechniki Koszalińskiej 12051 22051/1 01962239 Książka  
      Dostępny Biblioteka Politechniki Koszalińskiej Biblioteka Politechniki Koszalińskiej   22052/1 01962253 Książka Wypożyczalnia BG
© 2023 Biblioteka Politechniki Koszalińskiej :: KOHA